| 000 | 00922nmm a2200253 a 4500 | ||
|---|---|---|---|
| 001 | ocm000716575 | ||
| 003 | TR-IsHL | ||
| 005 | 20201028152641.0 | ||
| 008 | 150709s1953 tu tur | ||
| 007 | cr cn | ||
| 035 |
_a716575 _b(N$T) |
||
| 050 | 0 | 4 |
_aKKX3377 _b.G53 1953 |
| 090 | 0 | 4 |
_aKKX3377 _b.G53 1953 |
| 245 | 1 | 0 |
_aGıda maddeleri tüzüğü: gıda maddelerinin ve umumi sağlığı ilgilendiren eşya ve levazımın hususî vasıflarını gösteren tüzük _h[electronic resource] |
| 250 | _a1. bs. | ||
| 260 |
_aİstanbul : _bİstanbul Ticaret Odası, _c1953 |
||
| 300 | _a128 p. | ||
| 650 | 4 | _aHukuk | |
| 650 | 4 | _aLaw | |
| 650 | 0 |
_aBesin hukuku ve mevzuatı _x Türkiye |
|
| 650 | 0 |
_aFood law and legislation _x Turkey |
|
| 650 | 7 |
_aBUSINESS & ECONOMICS / Industries / Food Industry _2bisacsh |
|
| 856 | 4 | 0 | _uhttp://search.ebscohost.com/login.aspx?direct=true&scope=site&db=e011xww&AN=716575 |
| 999 |
_c11637 _d11637 |
||